00552nam a2200181Ia 4500003000900000008004100009020002200050040001600072080001600088100002200104245008000126260003800206300001500244490005100259650002400310650001800334700001800352IN-BaIIA211028s9999 xx 000 0 eng d a978-981-02-0804-2 cIIA Library a532.59bCAV aCaviglia, Giacomo 0aInhomogeneous waves in solids and fluidscGiacomo Caviglia and Angelo Morro aSingaporebWorld Scientificc1992 axii, 301p. aSeries in theoretical and applied mechanics; 7 aInhomogeneous waves aRadio physics aMorro, Angelo